International business : (Record no. 167227)

MARC details
000 -LEADER
fixed length control field 00836cam a2200265 a 4500
008 - FIXED-LENGTH DATA ELEMENTS--GENERAL INFORMATION
fixed length control field
020 ## - INTERNATIONAL STANDARD BOOK NUMBER
International Standard Book Number 9781292152837 (pbk.)
049 ## - LOCAL HOLDINGS (OCLC)
Holding library MAIN
090 ## - LOCALLY ASSIGNED LC-TYPE CALL NUMBER (OCLC); LOCAL CALL NUMBER (RLIN)
Classification number (OCLC) (R) ; Classification number, CALL (RLIN) (NR) HD62.4
Local cutter number (OCLC) ; Book number/undivided call number, CALL (RLIN) CAV
003 - CONTROL NUMBER IDENTIFIER
control field
005 - DATE AND TIME OF LATEST TRANSACTION
control field 20230123141056.0
040 ## - CATALOGING SOURCE
Transcribing agency NUST
100 1# - MAIN ENTRY--PERSONAL NAME
Personal name Cavusgil, S. Tamer.
245 10 - TITLE STATEMENT
Title International business :
Remainder of title the new realities /
Statement of responsibility, etc. S. Tamer Cavusgil, Gary Knight, John R. Riesenberger.
250 ## - EDITION STATEMENT
Edition statement 4th ed.
260 ## - PUBLICATION, DISTRIBUTION, ETC.
Place of publication, distribution, etc. Harlow:
Name of publisher, distributor, etc. Pearson Education,
Date of publication, distribution, etc. c2012.
300 ## - PHYSICAL DESCRIPTION
Extent 544 p. :
Other physical details col. ill. ;
Dimensions 30 cm.
500 ## - GENERAL NOTE
General note Includes index.
504 ## - BIBLIOGRAPHY, ETC. NOTE
Bibliography, etc. note Includes bibliographical references.
650 #0 - SUBJECT ADDED ENTRY--TOPICAL TERM
Topical term or geographic name entry element International business enterprises
General subdivision Management.
700 1# - ADDED ENTRY--PERSONAL NAME
Personal name Knight, Gary.
700 1# - ADDED ENTRY--PERSONAL NAME
Personal name Riesenberger, John R.
907 ## - LOCAL DATA ELEMENT G, LDG (RLIN)
a .b10387997
b 24-01-18
c 22-01-18
942 ## - ADDED ENTRY ELEMENTS (KOHA)
Koha item type Ordinary Loan Books
Call number prefix HD62.4
Call number suffix CAV
Holdings
Date last seen Total Checkouts Full call number Barcode Cost, replacement price Price effective from Koha item type Lost status Source of classification or shelving scheme Damaged status Not for loan Collection Withdrawn status Home library Current library Shelving location Date acquired Cost, normal purchase price
01/23/2023   HD62.4 CAV 92004044019 80.00 01/23/2023 BOOKS   LCC     NFIC   MAIN MAIN GEN 01/23/2023 80.00